000 00366nam a22001457a 4500
003 MACL
005 20190901154722.0
008 190901b xxu||||| |||| 00| 0 eng d
040 _c MACL
100 _aKumari, K
_976512
245 _aFamous Personality and Their Quotation
260 _aDelhi
_bShikha Pra
_c2016
650 _aBiography
_976513
942 _2ddc
_cBK
999 _c60914
_d60914